पांच उपन्यास पंद्रह नाटक / (Record no. 156708)

MARC details
000 -LEADER
fixed length control field 01111nam a22002657a 4500
003 - CONTROL NUMBER IDENTIFIER
control field dpl
005 - DATE AND TIME OF LATEST TRANSACTION
control field 20190222124429.0
008 - FIXED-LENGTH DATA ELEMENTS--GENERAL INFORMATION
fixed length control field 180830b xxu||||| |||| 00| 0 eng d
010 ## - LIBRARY OF CONGRESS CONTROL NUMBER
LC control number B-102218
020 ## - INTERNATIONAL STANDARD BOOK NUMBER
Terms of availability 400.00
035 ## - SYSTEM CONTROL NUMBER
System control number B-102218, B-102218
037 ## - SOURCE OF ACQUISITION
Source of stock number/acquisition BPPD/PUB
040 ## - CATALOGING SOURCE
Original cataloging agency DPL
Language of cataloging HN
Transcribing agency 0
082 ## - DEWEY DECIMAL CLASSIFICATION NUMBER
Classification number
Item number कपूर
100 ## - MAIN ENTRY--PERSONAL NAME
Personal name कपूर, मस्तराम
245 ## - TITLE STATEMENT
Title पांच उपन्यास पंद्रह नाटक /
Statement of responsibility, etc मस्तराम कपूर
260 ## - PUBLICATION, DISTRIBUTION, ETC. (IMPRINT)
Place of publication, distribution, etc दिल्ली
Name of publisher, distributor, etc समाजवादी साहित्य संस्थान
Date of publication, distribution, etc 2003
270 ## - ADDRESS
Address 79 बी, पॉकेट-3, मयूर विहार, फेज-1
City दिल्ली
Postal code 110091
300 ## - PHYSICAL DESCRIPTION
Extent 395पृ.
Dimensions 21सेमी (सजिल्द)
650 ## - SUBJECT ADDED ENTRY--TOPICAL TERM
Topical term or geographic name as entry element साहित्य--नाटक
9 (RLIN) 147
650 ## - SUBJECT ADDED ENTRY--TOPICAL TERM
Topical term or geographic name as entry element हिन्दी नाटक--साहित्य और संस्कृति
9 (RLIN) 78006
650 ## - SUBJECT ADDED ENTRY--TOPICAL TERM
Topical term or geographic name as entry element Literature--Play
9 (RLIN) 78007
650 ## - SUBJECT ADDED ENTRY--TOPICAL TERM
Topical term or geographic name as entry element Hindi plays--Literature and Culture
9 (RLIN) 78008
942 ## - ADDED ENTRY ELEMENTS (KOHA)
Source of classification or shelving scheme Dewey Decimal Classification
Koha item type Hindi Books
Classification part
Call number suffix कपूर
Holdings
Withdrawn status Lost status Source of classification or shelving scheme Damaged status Not for loan Collection code Home library Current library Date acquired Source of acquisition Cost, normal purchase price Total Checkouts Full call number Barcode Date last seen Cost, replacement price Price effective from Koha item type Copy number
    Dewey Decimal Classification     Fiction Central Library Central Library 24/04/2019   400.00   उ कपूर B-102196 24/04/2019 400.00 24/04/2019 Hindi Books 1
    Dewey Decimal Classification     Non-fiction Shahdara Branch Shahdara Branch 30/08/2018 BPPD/PUB 400.00   उ कपूर B-102218 30/08/2018 400.00 30/08/2018 Hindi Books  

© Delhi Public Library
Hit Counter
free hit counter